Städte in Bayern - Sudden Death - Statistiken

Allgemein
  • Dieses Quiz wurde 159 mal gespielt
  • Das Durchschnittsergebnis liegt bei 7 aus 11
Answers on the Grid
Answers color-coded by a green-red scale on the quiz's grid according to % correct below.
Aalen
Dornbirn
Erding
Freilassing
Göppingen
Heidenheim (Brenz)
Hof
Illertissen
Kufstein
Lindau
Memmingen
Neu-Ulm
Nördlingen
Passau
Suhl
Ulm
Wasserburg
Weinheim
Wels
Würzburg
Zell am See
 
Antwortstatistiken
Antwort % Korrekt
Erding
85%
Hof
83%
Passau
81%
Würzburg
79%
Freilassing
71%
Memmingen
63%
Neu-Ulm
63%
Illertissen
54%
Lindau
45%
Nördlingen
37%
Wasserburg
36%
Keine übereinstimmenden Quizze gefunden
Verteilung der Resultate
Anzahl Personen mit jedem Resultat
Perzentil nach korrekt beantworteten Fragen
Ihre Resultats-Entwicklung
Sie haben dieses Quiz noch nicht gespielt